Public relations management : (Record no. 131707)
[ view plain ]
| 000 -LEADER | |
|---|---|
| fixed length control field | 00961nam a22002777a 4500 |
| 003 - CONTROL NUMBER IDENTIFIER | |
| control field | dpl |
| 005 - DATE AND TIME OF LATEST TRANSACTION | |
| control field | 20180625133219.0 |
| 008 - FIXED-LENGTH DATA ELEMENTS--GENERAL INFORMATION | |
| fixed length control field | 180625b xxu||||| |||| 00| 0 eng d |
| 010 ## - LIBRARY OF CONGRESS CONTROL NUMBER | |
| LC control number | A-734174 |
| 020 ## - INTERNATIONAL STANDARD BOOK NUMBER | |
| Terms of availability | 00.00 |
| International Standard Book Number | 8120716256 |
| 035 ## - SYSTEM CONTROL NUMBER | |
| System control number | A-734174, A-734178 |
| 037 ## - SOURCE OF ACQUISITION | |
| Source of stock number/acquisition | Cen Lib/Ret |
| 040 ## - CATALOGING SOURCE | |
| Original cataloging agency | DPL |
| Language of cataloging | EN |
| Transcribing agency | 0 |
| 082 ## - DEWEY DECIMAL CLASSIFICATION NUMBER | |
| Classification number | 659.2 |
| Item number | JET |
| 100 ## - MAIN ENTRY--PERSONAL NAME | |
| Personal name | Jethwaney, Jaishri N. |
| 9 (RLIN) | 32535 |
| 245 ## - TITLE STATEMENT | |
| Title | Public relations management : |
| Statement of responsibility, etc | by Jaishri N.Jethwaney,Adarsh Kumar Varma [and] Narendra Nath Sarkar |
| Remainder of title | concepts,strategies & tools / |
| 260 ## - PUBLICATION, DISTRIBUTION, ETC. (IMPRINT) | |
| Name of publisher, distributor, etc | Sterling Publishers |
| Date of publication, distribution, etc | 1994 |
| Place of publication, distribution, etc | New Delhi |
| 270 ## - ADDRESS | |
| Address | L-10 Green Park Extension |
| City | New Delhi |
| Postal code | 110016 |
| 300 ## - PHYSICAL DESCRIPTION | |
| Extent | viii,215p. : |
| Dimensions | 20cm(Hb) |
| Other physical details | ill. |
| 500 ## - GENERAL NOTE | |
| General note | Includes index<br/><br/> |
| 650 ## - SUBJECT ADDED ENTRY--TOPICAL TERM | |
| Topical term or geographic name as entry element | Public relations |
| 9 (RLIN) | 736 |
| 650 ## - SUBJECT ADDED ENTRY--TOPICAL TERM | |
| Topical term or geographic name as entry element | Tools and methods of public relations |
| 9 (RLIN) | 32536 |
| 700 ## - ADDED ENTRY--PERSONAL NAME | |
| Personal name | Varma, Adarsh Kumar |
| 9 (RLIN) | 32537 |
| 700 ## - ADDED ENTRY--PERSONAL NAME | |
| Personal name | Sarkar, Narendra Nath |
| 9 (RLIN) | 32538 |
| 942 ## - ADDED ENTRY ELEMENTS (KOHA) | |
| Source of classification or shelving scheme | Dewey Decimal Classification |
| Koha item type | English Books |
| Classification part | 659.2 |
| Call number suffix | JET |
| Withdrawn status | Lost status | Damaged status | Not for loan | Home library | Current library | Date acquired | Source of acquisition | Cost, normal purchase price | Total Checkouts | Full call number | Barcode | Date last seen | Date checked out | Copy number | Cost, replacement price | Price effective from | Koha item type | Source of classification or shelving scheme | Collection code |
|---|---|---|---|---|---|---|---|---|---|---|---|---|---|---|---|---|---|---|---|
| Central Library | Central Library | 15/07/2015 | Cen Lib/Ret | 0.00 | 1 | 659.2 JET | A-734174 | 21/05/2018 | 09/05/2018 | 1 | 0.00 | 15/07/2015 | English Books | ||||||
| Shahdara Branch | Shahdara Branch | 25/06/2018 | BPPD/PUB | 0.00 | 659.2 JET | A-734178 | 25/06/2018 | 0.00 | 25/06/2018 | English Books | Dewey Decimal Classification | Non-fiction |
